Cryptorchidism; Ultrastructure of normal and cryptorchid testis development (Record no. 27153)

MARC details
000 -LEADER
fixed length control field 00467nam a2200145Ia 4500
082 ## - DEWEY DECIMAL CLASSIFICATION NUMBER
Classification number 591.3
Item number ADV.53-3
100 ## - MAIN ENTRY--AUTHOR NAME
Personal name HADZISELIMOVIC, Faruk
245 #0 - TITLE STATEMENT
Title Cryptorchidism; Ultrastructure of normal and cryptorchid testis development
260 ## - PUBLICATION, DISTRIBUTION, ETC. (IMPRINT)
Place of publication Berlin
Name of publisher Springer Verlag
Year of publication 1977
490 ## - SERIES STATEMENT
Series statement Advances in antomy embryology and cell biology; v 53, fac 3
650 ## - SUBJECT ADDED ENTRY--TOPICAL TERM
Topical Term Biopsies
650 ## - SUBJECT ADDED ENTRY--TOPICAL TERM
Topical Term cryptorchidism
942 ## - ADDED ENTRY ELEMENTS (KOHA)
Koha item type Books
Holdings
Withdrawn status Lost status Damaged status Not for loan Home library Current library Date acquired Full call number Accession Number Koha item type
        RRII Library RRII Library 16/12/2021 591.3 ADV.53-3 07782 Books